KOHA-Header-6

Manual of Companies Laws (Record no. 10040)

000 -LEADER
fixed length control field 00257nam a2200109Ia 4500
100 ## - MAIN ENTRY--AUTHOR NAME
Personal name M. A. Chaudhary
245 #0 - TITLE STATEMENT
Title Manual of Companies Laws
260 ## - PUBLICATION, DISTRIBUTION, ETC. (IMPRINT)
Place of publication India
Name of publisher Oxford
Year of publication 1990
300 ## - PHYSICAL DESCRIPTION
Number of Pages 720
942 ## - ADDED ENTRY ELEMENTS (KOHA)
Koha item type Books
Holdings
Withdrawn status Lost status Collection code Permanent Location Current Location Shelving location Date acquired Full call number Accession Number Koha item type
    Law MAJU MAJU Shelf No.A46 2019-09-14 340.7 6123 Law

Powered by Koha